Statistics for Word Puzzles - Cities of the British Isles #1

Click here to take the quiz!

General Stats

  • This quiz has been taken 1,674 times
  • The average score is 7 of 15

Answer Stats

HintAnswer% Correct
Swedish 80s band + University headAberdeen
85%
Used for ringing + SwiftBelfast
76%
Opposite of a woman + Pectoralis major + Keratin structure atop the headManchester
76%
Being not dead + something to swim inLiverpool
72%
Maize + BarrierCornwall
69%
Opposite of South + Meat from pig + Heavy measurementNorthampton
64%
Not old + Buildings Normans erectedNewcastle
63%
Opposite of North + Meat from pig + Heavy measurementSouthampton
51%
Shorthand for developer + Not offDevon
44%
Mafia boss + Bone repairer + Filler nounDoncaster
44%
Harbour + Used for eatingPortsmouth
31%
Portal + Storage unit + Opposite of himDorchester
27%
Type of wood + Orifice on facePlymouth
21%
Commonly associated with booksReading
17%
Previous one + One who hitsExeter
3%

Score Distribution

Percentile by Number Answered

Percent of People with Each Score

Your Score History

You have not taken this quiz